BASIC FOR THE IBM PC (Record no. 573646)
[ view plain ]
| 000 -LEADER | |
|---|---|
| fixed length control field | 00383nam a22001337a 4500 |
| 020 ## - INTERNATIONAL STANDARD BOOK NUMBER | |
| International Standard Book Number | 0-471-82636-7 |
| 082 ## - DEWEY DECIMAL CLASSIFICATION NUMBER | |
| Classification number | 005.265 RUD'B |
| 100 ## - MAIN ENTRY--PERSONAL NAME | |
| Personal name | RUDER, J. H , MILLSAP, C. V |
| 9 (RLIN) | 65436 |
| 245 ## - TITLE STATEMENT | |
| Title | BASIC FOR THE IBM PC |
| 260 ## - PUBLICATION, DISTRIBUTION, ETC. | |
| Place of publication, distribution, etc. | NEWYORK |
| Name of publisher, distributor, etc. | JOHN WILEY |
| Date of publication, distribution, etc. | 1987 |
| 300 ## - PHYSICAL DESCRIPTION | |
| Extent | XVII, 366P |
| 650 ## - SUBJECT ADDED ENTRY--TOPICAL TERM | |
| Topical term or geographic name entry element | BASIC COMPUTERS PROGRAM LANGUAGE IBM PERSONAL COMPUTER PROGRAMMING |
| 9 (RLIN) | 65437 |
| 942 ## - ADDED ENTRY ELEMENTS (KOHA) | |
| Koha item type | Book |
| Withdrawn status | Lost status | Damaged status | Not for loan | Permanent Location | Current Location | Shelving location | Date acquired | Total Checkouts | Full call number | Barcode | Date last seen | Price effective from | Koha item type |
|---|---|---|---|---|---|---|---|---|---|---|---|---|---|
| College of Electrical & Mechanical Engineering (CEME) | College of Electrical & Mechanical Engineering (CEME) | General Stacks | 07/27/2017 | 005.265 RUD'B | CEME-22979 | 06/28/2021 | 06/28/2021 | Book |
